Statistics for Taylor Swift Songs in Alphabetical Order

Click here to take the quiz!

General Stats

  • This quiz has been taken 2,795 times
  • The average score is 90 of 174

Answer Stats

Answers% Correct
22 (Taylor's Version)
89%
the 1
87%
All Too Well (Taylor's Version)
86%
All Too Well (Ten Minute Version) (Taylor's Version) (From The Vault)
86%
The Man
77%
ME!
74%
august
73%
Lover
73%
betty
71%
Fearless (Taylor's Version)
71%
Blank Space
70%
cardigan
70%
Love Story (Taylor's Version)
69%
Ours
69%
Afterglow
68%
Bad Blood
68%
Red (Taylor's Version)
68%
Fifteen (Taylor's Version)
67%
Back to December
66%
Delicate
65%
Enchanted
65%
evermore
65%
Our Song
65%
You Belong With Me (Taylor's Version)
65%
Cruel Summer
64%
Dear John
64%
Getaway Car
64%
Gorgeous
64%
Mean
64%
Mine
64%
Don't Blame Me
63%
Look What You Made Me Do
63%
Speak Now
63%
Style
63%
The Archer
63%
exile
62%
...Ready For It?
62%
Better Than Revenge
61%
Dress
61%
Invisible
61%
Clean
60%
End Game
60%
We Are Never Ever Getting Back Together (Taylor's Version)
60%
All You Had to Do Was Stay
59%
Call It What You Want
59%
champagne problems
59%
Cornelia Street
59%
King Of My Heart
59%
Paper Rings
59%
Shake It Off
59%
I Knew You Were Trouble (Taylor's Version)
58%
Out of the Woods
58%
Tim McGraw
58%
Daylight
57%
Haunted
57%
Long Live
57%
Picture To Burn
57%
Wildest Dreams (Taylor's Version)
57%
willow
57%
Dancing With Our Hands Tied
56%
hoax
56%
illicit affairs
56%
Last Kiss
56%
marjorie
56%
Sparks Fly
56%
invisible string
55%
Miss Americana & the Heartbreak Prince
55%
New Year's Day
55%
Teardrops On My Guitar
55%
the last great american dynasty
55%
You Need To Calm Down
55%
Babe (Taylor's Version) (From The Vault)
54%
dorothea
54%
mirrorball
54%
no body, no crime
54%
Welcome To New York
54%
I Did Something Bad
53%
ivy
53%
Mr. Perfectly Fine (Taylor's Version) (From The Vault)
53%
seven
53%
the lakes
53%
epiphany
52%
How You Get the Girl
52%
London Boy
52%
my tears ricochet
52%
New Romantics
52%
peace
52%
Stay Stay Stay (Taylor's Version)
52%
Wonderland
52%
Begin Again (Taylor's Version)
51%
coney island
51%
Everything Has Changed (Taylor's Version)
51%
Forever & Always (Taylor's Version)
51%
gold rush
51%
I Forgot That You Existed
51%
Innocent
51%
This Love (Taylor's Version)
51%
White Horse (Taylor's Version)
51%
Breathe (Taylor's Version)
50%
cowboy like me
50%
Death By A Thousand Cuts
50%
Hey Stephen (Taylor's Version)
50%
I Know Places
50%
Never Grow Up
50%
This Is Why We Can't Have Nice Things
50%
Cold As You
49%
I Think He Knows
49%
Jump Then Fall (Taylor's Version)
49%
right where you left me
49%
Ronan (Taylor's Version) (From The Vault)
49%
A Place in This World
48%
False God
48%
Mary's Song (Oh My My My)
48%
So It Goes...
48%
Soon You'll Get Better
48%
Superman
48%
Better Man (Taylor's Version) (From The Vault)
47%
Change (Taylor's Version)
47%
happiness
47%
It's Nice to Have A Friend
47%
mad woman
47%
State of Grace (Taylor's Version)
47%
The Best Day (Taylor's Version)
47%
this is me trying
47%
You Are In Love
47%
Come Back... Be Here (Taylor's Version)
46%
I Wish You Would
46%
Should've Said No
46%
The Story Of Us
46%
Treacherous (Taylor's Version)
46%
I Bet You Think About Me (Taylor's Version) (From The Vault)
45%
Nothing New (Taylor's Version) (From The Vault)
45%
The Way I Loved You (Taylor's Version)
45%
'tis the damn season
45%
tolerate it
45%
Untouchable (Taylor's Version)
45%
A Perfectly Good Heart
44%
Bye Bye Baby (Taylor's Version) (From The Vault)
44%
closure
44%
Holy Ground (Taylor's Version)
44%
The Last Time (Taylor's Version)
44%
The Very First Night (Taylor's Version) (From The Vault)
44%
Run (Taylor's Version) (From The Vault)
43%
Sad Beautiful Tragic (Taylor's Version)
43%
Starlight (Taylor's Version)
43%
Forever Winter (Taylor's Version) (From The Vault)
41%
I Almost Do (Taylor's Version)
41%
Message In A Bottle (Taylor's Version) (From The Vault)
41%
You're Not Sorry (Taylor's Version)
41%
Girl At Home (Taylor's Version)
40%
it's time to go
40%
long story short
40%
Superstar (Taylor's Version)
40%
The Outside
40%
The Lucky One (Taylor's Version)
39%
The Other Side Of The Door (Taylor's Version)
39%
Tied Together With A Smile
39%
Don't You (Taylor's Version) (From The Vault)
38%
Stay Beautiful
38%
Come In With The Rain (Taylor's Version)
37%
I'm Only Me When I'm With You
37%
Tell Me Why (Taylor's Version)
36%
The Moment I Knew (Taylor's Version)
36%
If This Was A Movie
35%
Today Was A Fairytale (Taylor's Version)
34%
You All Over Me (Taylor's Version) (From The Vault)
33%
That's When (Taylor's Version) (From The Vault)
32%
We Were Happy (Taylor's Version) (From The Vault)
31%
Last Christmas
11%
Santa Baby
10%
Christmases When You Were Mine
9%
White Christmas
9%
Christmas Must Be Something More
8%
Silent Night
8%

Score Distribution

Percentile by Number Answered

Percent of People with Each Score

Your Score History

You have not taken this quiz